000 00387nam a2200145Ia 4500
008 230917s9999||||xx |||||||||||||| ||und||
040 _e115642
_aMAIN
041 _aEnglish
082 _a355.0218 S38V
100 _aShrivastva, J.M
245 0 _aVidrohatmak avam priti-vifrohatmak yuddhkaram
260 _aHapur
_bChander prakesh and company
_c2005
300 _a191p p.
942 _cBK
999 _c137830
_d137830